Markets (Record no. 82637)

MARC details
000 -LEADER
fixed length control field 01081cab a22002055a 4500
001 - CONTROL NUMBER
control field L150768
008 - FIXED-LENGTH DATA ELEMENTS--GENERAL INFORMATION
fixed length control field 100901e20100827xxk 000 0 eng d
035 ## - SYSTEM CONTROL NUMBER
System control number (Sirsi) u150768
041 0# - LANGUAGE CODE
Language code of text/sound track or separate title eng
100 1# - MAIN ENTRY--PERSONAL NAME
Personal name Hatcher, David
245 00 - TITLE STATEMENT
Title Markets
Remainder of title student accommodation
260 ## - PUBLICATION, DISTRIBUTION, ETC.
Date of publication, distribution, etc. 2010
490 #0 - SERIES STATEMENT
Series statement Property Week
Volume/sequential designation 76(34) 27 August 2010, 45-48(4)
520 ## - SUMMARY, ETC.
Summary, etc. Unite Group, the developer of student accommodation, is now planning to buy cash-strapped universities' existing estates. Deputy mayor, Sir Simon Milton, will establish a forum as part of the London Plan to address the issues surrounding the development of student accommodation in London. Supply is now matching demand in Edinburgh, considered to be the second most attractive market in the UK student accommodation sector after London. Examines the activities of the three largest lenders to this sector, Barclays, RBS and Santander.
590 ## - LOCAL NOTE (RLIN)
Local note KA
651 #4 - SUBJECT ADDED ENTRY--GEOGRAPHIC NAME
Geographic name United Kingdom
Chronological subdivision
690 ## - LOCAL SUBJECT ADDED ENTRY--TOPICAL TERM (OCLC, RLIN)
Topical term or geographic name as entry element PROPERTY-RESIDENTIAL PROPERTY-RESIDENTIAL PROPERTY FINANCE AND INVESTMENT
700 1# - ADDED ENTRY--PERSONAL NAME
Personal name Scott, Ian
942 ## - ADDED ENTRY ELEMENTS (KOHA)
Suppress in OPAC 0
Holdings
Withdrawn status Lost status Source of classification or shelving scheme Damaged status Not for loan Home library Current library Shelving location Date acquired Total Checkouts Full call number Barcode Date last seen Copy number Price effective from Koha item type
    Dewey Decimal Classification     London London Journal article 01/09/2010   L150768 150768-1001 06/08/2019 1 06/08/2019 Journal article